Statistics for Everybody talks - Neon Trees, lyrics

Click here to take the quiz!

General Stats

  • This quiz has been taken 30 times
  • The average score is 222 of 261

Answer Stats

Answer% Correct
A
100%
An
100%
Everybody
100%
I
100%
Talk
100%
And
96%
Be
96%
Me
96%
Talks
96%
You
96%
Your
96%
All
93%
It
93%
With
93%
Can
89%
Hear
89%
Her
89%
Love
89%
My
89%
She
89%
Started
89%
That
89%
The
89%
Whisper
89%
Baby
86%
Could
86%
Hey
86%
Hurt
86%
Is
86%
Kissed
86%
New
86%
Out
86%
To
86%
Was
86%
What
86%
When
86%
Won’t
86%
You’re
86%
Addiction
82%
I’m
82%
Lips
82%
Made
82%
Say?
82%
Then
82%
Time
82%
Way
82%
Always
79%
Found
79%
Got
79%
Gott
79%
Gotta
79%
Happens
79%
Shack
79%
Take
79%
Giving
75%
Look
75%
Back
71%
Drug
71%
Much
71%
Sorry
71%
Sucker
71%
Too
71%
Chit-chat
68%
Fiction
68%
Oh!
68%
Oh
68%
This
68%
Back-track
64%
Honey
64%
Mama’s
64%
In
61%
Overdose
61%
Prescription
61%
I’d
57%
Friction
54%
Sugar
54%
Make
50%
Shit
50%
Itchin’
46%
Thought
46%
Words
46%
Day
43%
Everybody’s
43%
Live
43%
Never
43%
See
43%
Trash
43%
Show
36%

Score Distribution

Percentile by Number Answered

Percent of People with Each Score

Your Score History

You have not taken this quiz